| 000 | 00555nam a2200205 i 4500 | ||
|---|---|---|---|
| 001 | bg | ||
| 100 | 1 | _aBUCZKOWSKI, Leszek | |
| 245 | 1 | 0 |
_aProgramowanie w Turbo Pascalu 7.0 : _bpodręcznik dla początkujących / _cLeszek Buczkowski. |
| 260 |
_aWarszawa : _b"PLJ", _c1993. |
||
| 300 |
_a294 s. ; _c24 cm + _edyskietka. |
||
| 650 | 9 | _aPASCAL | |
| 655 | _aPodręczniki | ||
| 020 | _a8371010443 | ||
| 040 | _cBPK | ||
| 041 | 0 | _apl | |
| 080 | _a004.438(07)PASCAL | ||
| 920 | _a83-7101-044-3 | ||
| 942 | _cKS | ||
| 008 | s pl f |000 0 pol | ||
| 999 |
_c36754 _d36754 |
||
| 856 |
_uhttp://koha.tu.koszalin.pl/cgi-bin/koha/opac-detail.pl?biblionumber=36754 _yKatalog online BPK |
||